[Event "CAN-ch U10"]
[Site "Quebec"]
[Date "2018.07.04"]
[Round "6.122"]
[White "He, Zekai"]
[Black "Shan, Eric"]
[Result "1-0"]
[WhiteElo "1282"]
[BlackElo "1068"]
[PlyCount "89"]
[EventDate "2018.07.02"]
[EventType "swiss"]
[EventRounds "7"]
[EventCountry "CAN"]
[SourceTitle "EXT 2022"]
[Source "ChessBase"]
[SourceDate "2021.10.06"]
[SourceVersion "1"]
[SourceVersionDate "2021.10.06"]
[SourceQuality "1"]

1. d4 d5 2. c4 c6 3. Nc3 Nf6 4. Bg5 Nbd7 5. e3 h6 6. Bh4 e5 7. Nf3 e4 8. Ne5 Bb4 9. a3 Bxc3+ 10. bxc3 0-0 11. cxd5 cxd5 12. Be2 Re8 13. Ng4 b6 14. 0-0 Bb7 15. Bb5 g5 16. Bg3 h5 17. Nxf6+ Nxf6 18. Bxe8 Qxe8 19. Be5 Ng4 20. Bg3 f5 21. h3 Nf6 22. f3 exf3 23. Qxf3 Qe4 24. Be5 Rf8 25. Qxf5 Qxf5 26. Rxf5 Nd7 27. Rxg5+ Kf7 28. Rf1+ Ke7 29. Rg7+ Ke8 30. Rxf8+ Nxf8 31. Rxb7 Nd7 32. Rxa7 Ke7 33. a4 Kd8 34. a5 bxa5 35. Rxa5 Nxe5 36. dxe5 h4 37. Rxd5+ Ke7 38. c4 Ke6 39. e4 Ke7 40. c5 Ke8 41. c6 Kf7 42. c7 Ke7 43. c8Q Kf7 44. Rd7+ Ke6 45. Qe8# 1-0